LEADER 02173nam 2200433 n 450 001 996385843403316 005 20200824121553.0 035 $a(CKB)4940000000072187 035 $a(EEBO)2264219633 035 $a(UnM)99856653e 035 $a(UnM)99856653 035 $a(EXLCZ)994940000000072187 100 $a19921021d1609 uy | 101 0 $aeng 135 $aurbn||||a|bb| 200 10$aObseruations vpon Cęsars Comentaries$b[electronic resource] /$fBy Clement Edmundes, Remembrancer of the cittie of London 210 $a[London $cS.n.$d1609] 215 $a[8], 7, [1], 204 [i.e. 206], [2], 126, [2], 138 p., [23] leaves of plates $cill., port 300 $aWith abridged translations of Caesar's Commentaries. 300 $aTitle page is engraved; a variant, with 1609 imprint added, is used in STC 7491. 300 $aContents of individual copies vary; see STC essay at head of entry for Edmondes. Twelve plates are present in a complete configuration, and a woodcut portrait of Caesar may be present. 300 $aIdentified as STC 7491a at reel 592:8, and as STC 7492 at reel 782:10. 300 $aReproductions of the originals in the Folger Shakespeare Library, the British Library, and the University of Illinois (Urbana-Champaign Campus). Library. 300 $aAppears at reel 592 (Folger Shakespeare Library copy), reel 782 (British Library copy), and reel 1943 (University of Illinois (Urbana-Champaign Campus). Library copy). 300 $aImperfect: item at reel 1943:2 has print show-through. 330 $aeebo-0167 517 3 $aObservations upon Cęsars Commentaries 517 3 $aObservations upon Cęsars comentaries 606 $aMilitary art and science$vEarly works to 1800 607 $aRome$xHistory$yRepublic, 265-30 B.C$vEarly works to 1800 607 $aGaul$xHistory$yGallic Wars, 58-51 B.C$vEarly works to 1800 615 0$aMilitary art and science 700 $aEdmondes$b Clement$cSir,$f1566 or 7-1622.$01004619 701 $aCaesar$b Julius$0159728 801 0$bCu-RivES 906 $aBOOK 912 $a996385843403316 996 $aObseruations vpon Cęsars Comentaries$92330937 997 $aUNISA LEADER 03480oam 2200709I 450 001 9910458687303321 005 20200520144314.0 010 $a1-136-97051-7 010 $a1-136-97052-5 010 $a1-282-62954-9 010 $a9786612629549 010 $a0-203-85159-5 024 7 $a10.4324/9780203851593 035 $a(CKB)2560000000010083 035 $a(EBL)534232 035 $a(OCoLC)642661676 035 $a(SSID)ssj0000428997 035 $a(PQKBManifestationID)11323192 035 $a(PQKBTitleCode)TC0000428997 035 $a(PQKBWorkID)10443224 035 $a(PQKB)11332965 035 $a(MiAaPQ)EBC534232 035 $a(Au-PeEL)EBL534232 035 $a(CaPaEBR)ebr10394452 035 $a(CaONFJC)MIL262954 035 $a(OCoLC)645429798 035 $a(EXLCZ)992560000000010083 100 $a20180706d2010 uy 0 101 0 $aeng 135 $aur|n|---||||| 181 $ctxt 182 $cc 183 $acr 200 14$aThe strong and the weak in Japanese literature $ediscrimination, egalitarianism, nationalism /$fFuminobu Murakami 210 1$aMilton Park, Abingdon ;$aNew York :$cRoutledge,$d2010. 215 $a1 online resource (206 p.) 225 1 $aRoutledge advances in Asia-Pacific studies ;$v11 300 $aDescription based upon print version of record. 311 $a1-138-86289-4 311 $a0-415-57386-6 320 $aIncludes bibliographical references and index. 327 $aBook Cover; Title; Copyright; Contents; Preface; 1 Introduction; 2 The strong and the weak in Japanese religious, philosophical and political writings; 3 Ugly ladies in The Tale of Genji; 4 Women, humble men and insulted people in The Tale of the Heike; 5 Sacrifice and revenge, love and war, and a world without violence in The Eight Dog Chronicles; 6 Dancing girl, geisha, mistress and wife in Kawabata Yasunari's stories: The Dancing Girl of Izu, Snow Country, Thousand Cranes and The Sound of the Mountain; 7 Conclusion; Notes; Bibliography; Index 330 $aThis book uses texts from classical to modern Japanese literature to examine concepts of 'respect for the strong', as a notion of an evolutionary society, and 'sympathy for the weak', as a notion of a non-violent and changeless egalitarian society. The term strong refers not just to those with strength and power. It also includes other ideal attributes such as beauty, youth and goodness. Similarly, the term weak implies not only the weak and infirm, but also the disadvantaged, the indecent, the unsophisticated and those generally shunned by society. The former are associated not only with t 410 0$aRoutledge advances in Asia-Pacific studies ;$v11. 606 $aJapanese literature$xHistory and criticism 606 $aLiterature and society$zJapan$xHistory 606 $aNational characteristics, Japanese, in literature 606 $aPower (Social sciences) in literature 608 $aElectronic books. 615 0$aJapanese literature$xHistory and criticism. 615 0$aLiterature and society$xHistory. 615 0$aNational characteristics, Japanese, in literature. 615 0$aPower (Social sciences) in literature. 676 $a895.6/09 700 $aMurakami$b Fuminobu$f1951-,$0940430 801 0$bMiAaPQ 801 1$bMiAaPQ 801 2$bMiAaPQ 906 $aBOOK 912 $a9910458687303321 996 $aThe strong and the weak in Japanese literature$92212829 997 $aUNINA